A carregar...

Gharbhasayathinte rashtriyam/

Detalhes bibliográficos
Autor principal: Pinki Virani
Formato: Printed Book
Publicado em: Thrissur: Current Books, 2018.
Assuntos:
IVF
LEADER 00698nam a22002057a 4500
020 |a 9789386429230 
082 |a M 616.692  |b PIN/G 
100 |a Pinki Virani  |9 151265 
245 |a Gharbhasayathinte rashtriyam/  |c by Pinki Virani 
260 |a Thrissur:  |b Current Books,  |c 2018. 
300 |a 367p. 
650 |a IVF  |9 151266 
650 |a Infertility Treatment  |9 151267 
650 |a Sexual Disorders  |9 151268 
650 |a Urogenital System diseases  |9 151269 
650 |a Diseases  |9 151270 
650 |a Medicine  |9 151271 
942 |c BK 
999 |c 141390  |d 141390 
952 |0 0  |1 0  |4 0  |6 M_616_692000000000000_PIN_G  |7 0  |9 97629  |a SSUS  |b SSUS  |c STACKS  |d 2019-04-11  |g 350.00  |o M 616.692 PIN/G  |p 094597  |r 2019-04-11  |w 2019-04-11  |y BK